Sports Quiz

Random Sports or NBA Quiz

NBA 20K Point/10K Rebound Club Quiz Stats

 Plays Quiz Updated Apr 18, 2019

Score 0/18 Timer 03:00
2 Plays Today
Points Player % Correct
28,225Shaquille O'Neal
90.6%
38,387Kareem Abdul-Jabbar
89.3%
31,419Wilt Chamberlain
86.9%
36,928Karl Malone
83.4%
27,409Moses Malone
82.1%
31,560Dirk Nowitzki
76.2%
20,790David Robinson
68.9%
26,946Hakeem Olajuwon
67.2%
26,071Kevin Garnett
65.3%
Points Player % Correct
26,496Tim Duncan
64.3%
24,815Patrick Ewing
63.2%
23,757Charles Barkley
53.7%
23,334Robert Parish
36.9%
*20,894Pau Gasol
34.4%
23,149Elgin Baylor
28.4%
27,313Elvin Hayes
27.4%
20,880Bob Pettit
22.3%
20,941Walt Bellamy
9.3%

You're not logged in!

Compare scores with friends on all Sporcle quizzes.
OR
Log In

Sporcle TV

Today on Sporcle TV


Watch our educational content, quiz creation guides, and fun videos on Sporcle TV.

Show Comments

Extras

Top Quizzes Today


Score Distribution

Your Account Isn't Verified!

In order to create a playlist on Sporcle, you need to verify the email address you used during registration. Go to your Sporcle Settings to finish the process.

Report this User

Report this user for behavior that violates our Community Guidelines.

Details: